000 00949 a2200241 4500
001 47312
005 20260407155741.0
008 260407a1992 arg spa d
003 AR-UNSa-BCEJYS
040 _aAR-UNSa-BCEJYS
_bspa
_cAR-UNSa-BCEJYS
080 _a330.35
_xCrecimiento económico
245 1 0 _aEstabilización y crecimiento en los países en desarrollo
_pun enfoque estructuralista
020 _a968-16-3725-9
264 1 _aMéxico :
_bFondo de Cultura Económica
_c1992
300 _a113 p.
_c21 cm.
505 _a1. El modelo básico - 2. Otros cierres macroeconómicos - 3. El ajuste macroeconómico a corto plazo - 4. Distribución, crecimiento e inflación a mediano plazo.
041 _aspa
942 _cBK
590 _aniveau_biblio:m niveau_hierar:0
100 1 _aTaylor, Lance
700 1 _aSuárez, Eduardo L.
856 4 1 _uhttps://www.biblioeco.unsa.edu.ar/pmb/images/libros/L127473.jpg
_yImagen de portada
_qimage/jpeg
999 _c4338
_d4338